| 000 | 01023nam a2200301 4500 | ||
|---|---|---|---|
| 003 | EC-UNACH | ||
| 005 | 20251028110127.0 | ||
| 006 | s||||gr|||| 00| 00 | ||
| 008 | 150116t9999 mx r gr 000 0 spa d | ||
| 020 | _a978-9978-67-187-0 | ||
| 040 |
_aEC-UNACH _cEC-UNACH |
||
| 041 | _aspa | ||
| 082 | 0 | 4 |
_223 _a302.2 _bL017901Re |
| 110 | _aRiperGraf C.A | ||
| 245 | _aIdentidades, etnicidad y racismo en América latina | ||
| 250 | _aPrimera edición | ||
| 264 |
_aEcuador _bRiperGraf C.A _c2008 |
||
| 300 | _a326 | ||
| 505 | _a1- Movimientos indígenas y su relación con el estado -- 2- Los indígenas urbanos y la globalización -- 3- Derecho , sociedad e interculturalidad -- 4- Racismo y pueblos afro descendientes | ||
| 650 | _aNormalización multicultural | ||
| 650 | _aIndígenas urbanos en quito | ||
| 650 | _aProtección humanista | ||
| 700 | _aFernando García | ||
| 942 |
_2ddc _c1 |
||
| 999 | _c14100 | ||